| 000 | 01209nam a2200325 a 4500 | ||
|---|---|---|---|
| 001 | 000109162 | ||
| 003 | CHAP | ||
| 005 | 20220329144040.0 | ||
| 008 | 140408s2013 mx sm |||||||spa d | ||
| 010 | _a105624 | ||
| 011 | _a106596 | ||
| 040 | _cCHAP | ||
| 090 | _aTesis | ||
| 100 | 1 |
_aMartínez Bautista , Humberto _971847 |
|
| 245 | 1 | 0 |
_aFactores de éxito o fracaso de los proyectos maderables financiados por el programa de desarrollo forestal comunitario (Procymaf ll) _h[En línea] _cpor Humberto Martínez Bautista. |
| 260 |
_aChapingo, Méx. : _bEl autor, _c2013. |
||
| 500 | _aPara ver el contenido del material haga clic en la liga | ||
| 502 | _aTesis (MC. en Forestales ) -- UACH. División de Ciencias Forestales | ||
| 590 |
_aBATCH-UPD _b05 _c20141002 _lUCH01 _h0900 |
||
| 590 |
_aE5765TAJ _b05 _c20140408 _lUCH01 _h0843 |
||
| 590 |
_aE5765TAJ _b05 _c20140408 _lUCH01 _h0844 |
||
| 650 | 1 | 4 |
_aDesarrollo de la comunidad rural. _931995 |
| 650 | 1 | 4 |
_aDesarrollo forestal. _932059 |
| 650 | 1 | 4 |
_aMadera _xMercadeo. _969612 |
| 650 | 1 | 4 |
_aMadera _xRendimiento. _969626 |
| 856 |
_aFinding aid _uhttp://10.13.5.2/tesis/sist109162.pdf _zTeclea aquí |
||
| 901 | _aBK | ||
| 942 | _cTESIS | ||
| 942 | _n0 | ||
| 999 |
_c105624 _d105624 |
||